Gloucestershire Places - Sudden Death - Statistics

General Stats
  • This quiz has been taken 67 times
  • The average score is 12 of 16
Answers on the Grid
Answers color-coded by a green-red scale on the quiz's grid according to % correct below.
Bourton-on-the-Water
Buckingham
Carlisle
Cheltenham
Chipping Campden
Cinderford
Cirencester
Colchester
Dursley
Gloucester
Goole
Ipswich
Keighley
Lechlade
Lydney
Maidstone
Mansfield
Margate
Moreton-in-Marsh
Nailsworth
Nantwich
Nuneaton
Poole
Sheringham
Solihull
Stow-on-the-Wold
Stroud
Tetbury
Tewkesbury
Tring
Wotton-under-Edge
Yeovil
 
Answer Stats
Answer % Correct
Gloucester
88%
Stow-on-the-Wold
86%
Stroud
84%
Cheltenham
82%
Tetbury
80%
Tewkesbury
80%
Bourton-on-the-Water
78%
Cirencester
78%
Chipping Campden
76%
Cinderford
76%
Wotton-under-Edge
73%
Dursley
71%
Moreton-in-Marsh
67%
Lydney
65%
Nailsworth
65%
Lechlade
59%
No matching quizzes found
Score Distribution
Percent of People with Each Score
Percentile by Number Answered
Your Score History
You have not taken this quiz